Where in the U.K. - Amusement Parks - Statistics

General Stats
  • This quiz has been taken 17 times
  • The average score is 7 of 15
Answer Stats
Question Answer % Correct
Fantasy Island England
100%
Oakwood Theme Park Wales
100%
Gulliver's World England
67%
The Big Sheep England
67%
Adventure Wonderland England
67%
Flambards Theme Park England
67%
Joyland England
67%
M&D's Theme Park Scotland
67%
Blackgang Chine England
33%
Killarney Springs England
33%
Coney Beach Pleasure Park Wales
33%
Belle Vue Park Wales
33%
Barry's Amusements Northern Ireland
0%
Codonas Amusement Park Scotland
0%
Loudoun Castle Scotland
0%
No matching quizzes found
Score Distribution
Percent of People with Each Score
Percentile by Number Answered
Your Score History
You have not taken this quiz